000 00442cam a22001097a 4500
008 180718b1961 xxu||||| |||| 00| 0 eng d
082 _aB136x54 In2g
245 _aEvaluation of the gram sahayak programme
_cby Programme Evaluation Organization, Planning Commission
260 _aNew Delhi
_bProgramme Evaluation Organization, Planning Commission
_c1961
300 _a132p.
700 _aIndia. Planning Commission. Programme Evaluation Organization
999 _c488625
_d488625